Aspectos sociales de la integración regional /
Guardado en:
| Autor principal: | |
|---|---|
| Otros Autores: | |
| Formato: | Texto |
| Materias: | |
| Etiquetas: |
Agregar Etiqueta
Sin Etiquetas, Sea el primero en etiquetar este registro!
|
MARC
| LEADER | 00000 a a2200000 04500 | ||
|---|---|---|---|
| 001 | 17439 | ||
| 003 | |||
| 040 | |||
| 100 | |a Di Filippo, Armando | ||
| 245 | |a Aspectos sociales de la integración regional / |c Armando Di Filippo | ||
| 650 | |a ASPECTOS SOCIALES | ||
| 650 | |a INTEGRACION REGIONAL | ||
| 650 | |a TECNOLOGIA | ||
| 650 | |a LIBERALIZACION DEL INTERCAMBIO | ||
| 650 | |a MIGRACION | ||
| 650 | |a AJUSTE ESTRUCTURAL | ||
| 650 | |a EMPLEO | ||
| 650 | |a COMERCIO INTERNACIONAL | ||
| 650 | |a REGIONALISMO | ||
| 650 | |a INVERSIONES | ||
| 650 | |a DERECHO | ||
| 650 | |a LIBRE COMERCIO | ||
| 700 | |a Franco, Rolando | ||
| 773 | |g número 14, volumen 1; páginas 19-45 | ||
| 999 | |c 25910 |d 25910 | ||
